Từ ngữ xưng hô nơi cửa Phật = Addressing words in buddhism /

Αποθηκεύτηκε σε:
Λεπτομέρειες βιβλιογραφικής εγγραφής
Κύριος συγγραφέας: Lê Thị Lâm.
Μορφή: Άρθρο
Γλώσσα:Vietnamese
Θέματα:
Ετικέτες: Προσθήκη ετικέτας
Δεν υπάρχουν, Καταχωρήστε ετικέτα πρώτοι!
Thư viện lưu trữ: Thư viện Trường Đại học Đà Lạt
LEADER 00776nam a2200265 4500
001 DLU140161969
005 ##20140605
040 # # |a DLU  |b vie 
041 # # |a vie 
044 # # |a vn 
100 # # |a Lê Thị Lâm. 
245 # # |a Từ ngữ xưng hô nơi cửa Phật =  |b Addressing words in buddhism /  |c Lê Thị Lâm 
246 # # |a Addressing words in buddhism  
653 # # |a Đạo Phật. 
653 # # |a Giao tiếp. 
773 # # |t Ngôn ngữ & đời sống  |g Số 4 (198), 2012, tr. 24-31 
920 # # |a Phòng Tạp chí -- Trung tâm Thông tin - Thư viện Trường Đại học Đà Lạt 
994 # # |a DLU 
900 # # |a True 
911 # # |a Nguyễn Thị Tưởng 
925 # # |a G 
926 # # |a A 
927 # # |a BB 
980 # # |a Thư viện Trường Đại học Đà Lạt